01454nam a2200301Ia 4500001001200000003000800012006001900020007001500039008004100054020001800095020002600113040002100139035002100160050002600181245034500207260005800552300001400610533015200624650003400776650004600810655002900856700001800885700002500903710001700928710006400945856012601009999001701135ebr10578452CaPaEBRm u cr cn|||||||||120717s2012 dcu s 000 0 eng d z9780309256049 z9780309256056 (ebook) aCaPaEBRcCaPaEBR a(OCoLC)80632291914aHC106.84b.R57 2012eb00aRising above the gathering stormh[electronic resource] :bdeveloping regional innovation environments ; summary of a workshop /cTom Arrison and Steve Olson, rapporteurs, Committee on Science, Engineering and Public Policy, National Academy of Sciences, National Academy of Engineering, and Institute of Medicine of the National Academies. aWashington, D.C. :bNational Academies Press,cc2012. axi, 60 p. aElectronic reproduction.bPalo Alto, Calif. :cebrary,d2011.nAvailable via World Wide Web.nAccess may be limited to ebrary affiliated libraries. 0aGlobalizationzUnited States. 0aTechnological innovationszUnited States. 7aElectronic books.2local1 aArrison, Tom.1 aOlson, Steve,d1956-2 aebrary, Inc.2 aCommittee on Science, Engineering, and Public Policy (U.S.)40uhttp://site.ebrary.com/lib/rucke/Doc?id=10578452zAn electronic book accessible through the World Wide Web; click to view c86338d86338